000 01052nam a22001937a 4500
999 _c59463
_d59463
003 Ge_BSU
005 20230224121243.0
008 230224s2004 ge ||||| |||| 00| 0 geo d
020 _a9992808241
041 _ageo
080 _a341.231.14 კ-75
100 _aკორკელია, კონსტანტინე
_9539
245 _aადამიანის უფლებათა საერთაშორისო სამართალი ადამიანის უფლებათა ევროპული კონვენციის მიხედვით /
_cკონსტანტინე კორკელია; სამოსამართლო სწავლების ცენტრი.
264 _aთბილისი,
_c2004.
300 _a244გვ. ;
_b23სმ.
653 _aადამიანის უფლებათა ევროპული კონვენცია
700 _aქურდაძე, ირინე,
_eავტორი
_917030
942 _2udc
_cBK